000 01178nam a22001937a 4500
003 JO-AjAnu
005 20250315094250.0
008 250310b jo ||||| |||| 00| 0 ara d
040 _cJO-AjAnu
041 _hara
100 _aالفاعور، طلال عبد محمد سعيد
_eمعد
_966503
245 _aأثر جودة خدمات المحافظ الإلكترونية على رضا العملاء في شركات الإتصالات العاملة في الأردن = The Impact of the Quality of Electronic Wallets Services on Customers Satisfaction at Telecommunications Companies Operating in Jordan
_c / اعداد طلال عبد محمد سعيد الفاعور؛ اشراف نضال فواز حسين القضاة
260 _c2025
300 _a104 ورقة
500 _aرسالة جامعية (رسالة ماجستير في ادارة الاعمال) ، جامعة عجلون الوطنية (الاردن-عجلون) / كلية الأعمال ، قسم إدارة الاعمال، 2025
650 _vالشركات-الاتصالات-ادارة-الأردن
700 _aالقضاة، نضال فواز حسين
_964939
_eمشرف
942 _2lcc
_cTHS
_n0
999 _c33892
_d33892